Le reveil de la France / (Record no. 139201)

MARC details
000 -LEADER
campo de control de longitud fija 00514nam a2200169 4500
001 - NÚMERO DE CONTROL
campo de control 139201
003 - IDENTIFICADOR DE NÚMERO DE CONTROL
campo de control ES-MaACL
005 - FECHA Y HORA DE LA ÚLTIMA TRANSACCIÓN
campo de control 20230906195726.0
007 - CAMPO FIJO DE DESCRIPCIÓN FÍSICA--INFORMACIÓN GENERAL
campo de control de longitud fija t|
008 - DATOS DE LONGITUD FIJA--INFORMACIÓN GENERAL
campo de control de longitud fija 070214s1916 fr r ||||1| fre d
100 1# - ENTRADA PRINCIPAL--NOMBRE DE PERSONA
Nombre de persona Sarolea, Charles.
9 (RLIN) 103841
245 13 - MENCIÓN DEL TÍTULO
Título Le reveil de la France /
Mención de responsabilidad, etc. Charles Sarolea ; traduit de l'anglais par Charles Grolleau.
260 ## - PUBLICACIÓN, DISTRIBUCIÓN, ETC.
Lugar de publicación, distribución, etc. Paris :
Nombre del editor, distribuidor, etc. Georges Gres et Cie.,
Fecha de publicación, distribución, etc. 1916.
300 ## - DESCRIPCIÓN FÍSICA
Extensión 107 p., 1 lám. ;
Dimensiones 15 cm.
700 1# - ENTRADA AGREGADA--NOMBRE PERSONAL
Nombre de persona Grolleau, Charles.
9 (RLIN) 60120
852 ## - LOCALIZACIÓN
Ubicación ES-MaACL
Número de control de estantería G-2038
Holdings
Estatus retirado Estado de pérdida Estado de daño No para préstamo Biblioteca de origen Biblioteca actual Ubicación en estantería Fecha de adquisición Fuente de adquisición Total de préstamos Signatura topográfica completa Código de barras Visto por última vez Precio de reemplazo Tipo de ítem Koha
        Biblioteca del Ateneo de Madrid Biblioteca del Ateneo de Madrid Depósito 2 17/01/2008     G-2038 1144860 23/02/2023 23/02/2023 Libro impreso